00541 2200193 4500001002100000005001500021035002000036007000300056008004100059020002200100082000800122084001400130100001700144245006900161250001100230260004900241300002500290650003200315INLIS00000000000044520170930123432 a0010-0917000431ta170930 f 0 ind  a978-602-03-1230-9 a297 a297 JUN b0 aJunaedi, Ari1 aBahagiakan Dirimu Dengan Membahagiakan Orang lain /cAri Junaedi acet. 1 aJakarta :bPT. Gramedia Pustaka Utama,c2013 a306hlm ;c13 x 21 cm aIslam Sebagai Pedoman hidup